GTA San Andreas Trivia - Statistics

General Stats
  • This quiz has been taken 1,539 times
  • The average score is 6 of 15
Answer Stats
Question Answer % Correct
What is the name of the protagonist? Carl Johnson
99%
What year was this game first released? 2004
84%
What year is the game set in? 1992
79%
What radio station exclusively plays country music? K-Rose
49%
How much money do you start out with? $350
45%
What is Sweet's full name? Sean Johnson
39%
What mission unlocks Ammu-Nation? Doberman
36%
The first save point in San Fierro you unlock is the garage, located in what district? Doherty
33%
What is Big Smoke's full name? Melvin Harris
29%
What is Ryder's full name? Lance Wilson
24%
The abandoned airstrip that Mike Toreno makes you buy is in what area? It's also the name of the mission. Verdant Meadows
24%
What is the first mission to take place outside of Los Santos and Red County? Badlands
20%
What is the name of San Fierro's airport? Easter Bay International
16%
The taxis and police cars have the same design as what civilian car? Premier
15%
What is the name of Radio X's host? Sage
11%
No matching quizzes found
Score Distribution
Percent of People with Each Score
Percentile by Number Answered
Your Score History
You have not taken this quiz